000 00455nam a2200181Ia 4500
001 9186
005 20260306160705.0
008 260306t2013||||xx |||||||||||||| ||spa||
041 _aESP
082 _a375
_bT64
100 _aTobón, Sergio
_eAUT
245 0 _aMetodología de gestión curricular:
_buna perspectiva socioformativa
260 _c2013
300 _a277 páginas :
_c23 cm.
650 _aGEN
654 _aCED
942 _cLIB
_dJUS
_fJUS
_2ddc
_n
999 _c9186
_d9186